000 00579nam a2200205Ia 4500
003 OSt
005 20250725121904.0
008 210210b2004 xxu||||| |||| 00| 0 eng d
020 _a81 87334 09 6
040 _cAL
041 _aKannada
082 _aK894.1 JAYV
100 _aJAYAPRAKASHA MAVINAKULI.
_9138796
_dಜಯಪ್ರಕಾಶ ಮಾವಿನಕುಳಿ.
245 _aViraha kadalu.
_bವಿರಹ ಕಡಲು
260 _aMudabidare
_bSpatika Prakashana.,
_c2004
300 _a112
690 _aKannada Poetry
_9138797
906 _a059943
942 _2ddc
_cBK
999 _c106906
_d106906